The Essential Lippmann : (Record no. 13199)

MARC details
000 -LEADER
fixed length control field 00907cam a22002411 4500
001 - CONTROL NUMBER
control field 4058493
005 - DATE AND TIME OF LATEST TRANSACTION
control field 20070830175626.0
008 - FIXED-LENGTH DATA ELEMENTS--GENERAL INFORMATION
fixed length control field 730220s1963 nyu | 00| 0 eng d
010 ## - LIBRARY OF CONGRESS CONTROL NUMBER
LC control number 63011623
040 ## - CATALOGING SOURCE
Original cataloging agency DLC
Transcribing agency DLC
Modifying agency DLC
-- OCoLC
050 00 - LIBRARY OF CONGRESS CALL NUMBER
Classification number JC251
Item number .L48
082 00 - DEWEY DECIMAL CLASSIFICATION NUMBER
Classification number 320.81
Item number ESS
245 14 - TITLE STATEMENT
Title The Essential Lippmann :
Remainder of title A Political Philosophy for Liberal Democracy /
Statement of responsibility, etc Edited by Clinton Rossiter & James Lare.
260 ## - PUBLICATION, DISTRIBUTION, ETC. (IMPRINT)
Place of publication, distribution, etc New York:
Name of publisher, distributor, etc Random House,
Date of publication, distribution, etc c1963.
300 ## - PHYSICAL DESCRIPTION
Extent xxi, 552 p.
Dimensions 22 cm.
500 ## - GENERAL NOTE
General note Includes index.
650 #0 - SUBJECT ADDED ENTRY--TOPICAL TERM
Topical term or geographic name as entry element Political science.
9 (RLIN) 10628
700 1# - ADDED ENTRY--PERSONAL NAME
Personal name Lippmann, Walter,
Dates associated with a name 1889-1974.
9 (RLIN) 10629
700 1# - ADDED ENTRY--PERSONAL NAME
Personal name Lare, James
9 (RLIN) 10630
942 ## - ADDED ENTRY ELEMENTS (KOHA)
Source of classification or shelving scheme Dewey Decimal Classification
Item type Book - Borrowing
Holdings
Withdrawn status Item status Source of classification or shelving scheme Damaged status Not for loan Vendor Home library Current library Shelving location Date acquired Source of acquisition Total Checkouts Total Renewals Full call number Barcode Date last seen Date last borrowed Koha item type Public note
    Dewey Decimal Classification     Donation-Gift Central Library Central Library First floor 24/01/2010 Donation 1 14 320.81 ESS 000019146 15/07/2025 12/04/2021 Book - Borrowing Donated by: Alaa Abd El- Ghaney